Districts of İzmir (İzmir'in ilçeleri). - Statistics

General Stats
  • This quiz has been taken 9 times
  • The average score is 5 of 30
Answer Stats
Population (Nüfus) District (İlçe) % Correct
Buca 522.404
57%
Karaburun 12.200
43%
Beydağ 12.030
29%
Kınık 28.694
29%
Foça 34.946
29%
Güzelbahçe 37.753
29%
Bayındır 40.073
29%
Aliağa 104.828
14%
Bergama 105.754
14%
Menderes 106.173
14%
Kemalpaşa 114.250
14%
Gaziemir 137.754
14%
Menemen 200.904
14%
Çiğli 214.065
14%
Bayraklı 298.519
14%
Konak 332.277
14%
Karşıyaka 346.264
14%
Selçuk 38.151
14%
Kiraz 43.510
14%
Dikili 47.360
14%
Karabağlar 479.338
14%
Bornova 479.338
14%
Çeşme 48.924
14%
Seferihisar 54.993
14%
Narlıdere 62.923
14%
Balçova 80.721
14%
Tire 87.462
14%
Ödemiş 132.740
0%
Torbalı 207.840
0%
Urla 74.736
0%
No matching quizzes found
Score Distribution
Percent of People with Each Score
Percentile by Number Answered
Your Score History
You have not taken this quiz